A handbook ofb tropical diseases : (Record no. 487571)

MARC details
000 -LEADER
fixed length control field 01016nam a2200301 a 4500
001 - CONTROL NUMBER
control field vtls001198994
003 - CONTROL NUMBER IDENTIFIER
control field NLI
005 - DATE AND TIME OF LATEST TRANSACTION
control field 20210603160215.0
008 - FIXED-LENGTH DATA ELEMENTS--GENERAL INFORMATION
fixed length control field 120328s1952 ii a f001 0 eng d
039 #9 - LEVEL OF BIBLIOGRAPHIC CONTROL AND CODING DETAIL [OBSOLETE]
-- 201203281825
-- VLOAD
040 ## - CATALOGING SOURCE
Original cataloging agency NLI
Language of cataloging eng
Transcribing agency Entertech IMP - 2012
Description conventions AACR2
041 0# - LANGUAGE CODE
Language code of text/sound track or separate title eng
044 ## - COUNTRY OF PUBLISHING/PRODUCING ENTITY CODE
MARC country code ii
084 ## - OTHER CLASSIFICATION NUMBER
Classification number 132 H 375
100 1# - MAIN ENTRY--PERSONAL NAME
Personal name Banerjea, J. C.
9 (RLIN) 635614
245 10 - TITLE STATEMENT
Title A handbook ofb tropical diseases :
Remainder of title with treatment and prescriptions /
Statement of responsibility, etc. J. C. Banerjea and P.B. Bhattacharya,edited by J. B. Chatterjee
250 ## - EDITION STATEMENT
Edition statement 5th.ed
260 ## - PUBLICATION, DISTRIBUTION, ETC.
Place of publication, distribution, etc. Calcutta :
Name of publisher, distributor, etc. U. N. Dhur ,
Date of publication, distribution, etc. 1952
300 ## - PHYSICAL DESCRIPTION
Extent xii, 536:
Other physical details ill. ;
Dimensions 22 cm.
700 1# - ADDED ENTRY--PERSONAL NAME
Personal name Bhattacharya, P.B,
Relationship jt.aut
9 (RLIN) 26943
700 ## - ADDED ENTRY--PERSONAL NAME
Personal name Chatterjee, J. B.
Relationship edt.
9 (RLIN) 635615
887 ## - NON-MARC INFORMATION FIELD
Content of non-MARC field
901 ## - LOCAL DATA ELEMENT A, LDA (RLIN)
a 305304:
b 06.08.1955
902 ## - LOCAL DATA ELEMENT B, LDB (RLIN)
a 132 H 375
942 ## - ADDED ENTRY ELEMENTS (KOHA)
Source of classification or shelving scheme Dewey Decimal Classification
Koha item type Books
949 ## - LOCAL PROCESSING INFORMATION (OCLC)
-- VIRTUAITEM
-- 10000
-- 100
6 IMP000305304ENG
Holdings
Withdrawn status Lost status Damaged status Not for loan Home library Current library Date acquired Total Checkouts Full call number Barcode Date last seen Price effective from Koha item type
        National Library of India National Library of India     132 H 375 IMP000305304ENG 03/06/2021 03/06/2021 Books
                                                                           
web counter

Copyright ©2020 The National Library of India, Govt. of India ↔ Hosted by NVLI, MOC ↔ Technology and Design by National Library of India, Ministry of Culture, Govt. of India